Normal view MARC view

Entry Personal Name

Number of records used in: 1

001 - CONTROL NUMBER

  • control field: 50739

003 - CONTROL NUMBER IDENTIFIER

  • control field: dpl

005 - DATE AND TIME OF LATEST TRANSACTION

  • control field: 20120803122031.0

008 - FIXED-LENGTH DATA ELEMENTS

  • fixed length control field: 120803|||a|||||| | ||| d

040 ## - CATALOGING SOURCE

  • Original cataloging agency: dpl
  • Transcribing agency: dpl

100 ## - HEADING--PERSONAL NAME

  • Personal name: Hesterly, William S.

670 ## - SOURCE DATA FOUND

  • Source citation: Work cat.: (dpl): Barney, Jay B. 50733, Strategic management and competitive advantage :, 2012

670 ## - SOURCE DATA FOUND

  • Source citation: Work cat.: (dpl): Barney, Jay B. 50733, Strategic management and competitive advantage :, 2012

© Delhi Public Library
Hit Counter
free hit counter